| 000 | 00651 a2200217 4500 | ||
|---|---|---|---|
| 001 | 63762 | ||
| 005 | 20260407155937.0 | ||
| 008 | 260407a1994 arg spa d | ||
| 003 | AR-UNSa-BCEJYS | ||
| 040 |
_aAR-UNSa-BCEJYS _bspa _cAR-UNSa-BCEJYS |
||
| 080 |
_a657.92 _xValoración. Técnica de la estimación y evaluación |
||
| 245 | 1 | 0 | _aValor patrimonial proporcional |
| 020 | _a978-950-791-033-3 | ||
| 264 | 1 |
_aBuenos Aires : _bEdiciones Interoceánicas _c1994 |
|
| 300 |
_a61 p. _c22 cm. |
||
| 041 | _aspa | ||
| 942 | _cBK | ||
| 590 | _aniveau_biblio:m niveau_hierar:0 | ||
| 100 | 1 | _aSánchez Brot, Luis E. | |
| 700 | 1 | _aWirth, María Crisitina | |
| 999 |
_c8322 _d8322 |
||